| 000 | 00625nam a2200193 a 4500 | ||
|---|---|---|---|
| 005 | 20140310183516.0 | ||
| 008 | 110104s19uu xx 00 eng d | ||
| 020 | _a9780143116660 | ||
| 050 |
_aRJ 506.A9 _b.K635 2009 |
||
| 100 | _aKoegel, Lynn | ||
| 245 |
_aGrowing up on the spectrum : _ba guide to life, love and learning for teens and young adults with autism and asperger's / _cLynn Koegel. |
||
| 260 |
_aNew York : _bPenguin Books, _c2009. |
||
| 300 |
_a390 p. : _c21 cm. |
||
| 521 | _aEDU | ||
| 650 | _aAutism in adolescence-Popular works | ||
| 700 | _aClaire LaZebnik | ||
| 942 |
_cBK _2lcc _kFOR |
||
| 999 |
_c24308 _d24308 |
||